000 00596nam a2200181Ia 4500
008 090124s9999 xx 000 0 und d
082 _b24198
100 _aकेळकर भालबा
245 _a शोध आणि शोधक भाग 5 वा
250 _a0
260 _bमीनल प्रकाशन
_c1986
300 _a46
600 _aकेळकर भालबा
630 _a शोध आणि शोधक भाग 5 वा
700 _aकेळकर भालबा
730 _a शोध आणि शोधक भाग 5 वा
942 _cBOOK
999 _c92701
_d92701